书目信息 |
| 题名: |
读黑神驹学英语
|
|
| 作者: | 休厄尔 著 ;郑家文 译 | |
| 分册: | ||
| 出版信息: | 上海 华东理工大学出版社 2009.04 |
|
| 页数: | 188页 | |
| 开本: | 21cm | |
| 丛书名: | ||
| 单 册: | ||
| 中图分类: | H319.4 | |
| 科图分类: | ||
| 主题词: | 英语--ying yu--汉语--对照读物 | |
| 电子资源: | ||
| ISBN: | 978-7-5628-2487-9 | |
| 000 | 01157nam0 2200289 450 | |
| 001 | 012010241000 | |
| 005 | 20101221182504.37 | |
| 010 | @a978-7-5628-2487-9@dCNY18.00 (含光盘) | |
| 010 | @a978-7-88864-151-8@b光盘 | |
| 016 | @aCN-R32-09-0010-0@b光盘 | |
| 100 | @a20101221d2009 em y0chiy0120 ea | |
| 101 | 2 | @achi@aeng@ceng |
| 102 | @aCN@b310000 | |
| 105 | @ay z 000yy | |
| 106 | @ar | |
| 200 | 1 | @a读黑神驹学英语@Adu hei shen ju xue ying yu@fAnna Sewell著@FAnna Sewell zhu@g郑家文译@Gzheng jia wen yi |
| 210 | @a上海@c华东理工大学出版社@d2009.04 | |
| 215 | @a188页@c图@d21cm@e光盘1片 | |
| 306 | @a(台湾)寂天文化事业股份有限公司通过语言工场出版有限公司授权出版 | |
| 314 | @a责任者Sewell规范汉译姓: 休厄尔 | |
| 330 | @a本书讲述了主人公“黑神驹”一生的故事,经历了种种遭遇,其中的成长过程有顺境、有逆境,但他始终能保有一颗坚定温柔的心,勇于接受各种考验……作者以平实却又细腻的手法,详尽描写出马儿的困难处境。 | |
| 606 | 0 | @a英语@Aying yu@x汉语@j对照读物 |
| 690 | @aH319.4@v4 | |
| 701 | 1 | @a休厄尔@Axiu e er@g(Sewell, Anna)@4著 |
| 702 | 0 | @a郑家文@Azheng jia wen@4译 |
| 801 | 0 | @aCN@bQSSK@c20101221 |
| 905 | @b790305-07@dH319.4@eX656@f3 | |
| 读黑神驹学英语/Anna Sewell著/郑家文译.-上海:华东理工大学出版社,2009.04 |
| 188页:图;21cm+光盘1片 |
| ISBN 978-7-5628-2487-9:CNY18.00 (含光盘) |
| 本书讲述了主人公“黑神驹”一生的故事,经历了种种遭遇,其中的成长过程有顺境、有逆境,但他始终能保有一颗坚定温柔的心,勇于接受各种考验……作者以平实却又细腻的手法,详尽描写出马儿的困难处境。 |
| ● |
| 相关链接 |
|
|
|
正题名:读黑神驹学英语
索取号:H319.4/X656
 
预约/预借
| 序号 | 登录号 | 条形码 | 馆藏地/架位号 | 状态 | 备注 |
| 1 | 790305 | 207903054 | 语言库209/209语言库 50排1列2层/ [索取号:H319.4/X656] | 在馆 | |
| 2 | 790306 | 207903063 | 语言库209/209语言库 50排1列2层/ [索取号:H319.4/X656] | 在馆 | |
| 3 | 790307 | 207903072 | 语言库209/209语言库 50排1列2层/ [索取号:H319.4/X656] | 在馆 |